Kontury wszystkich państw świata według stolic (Bardzo Trudne +) - Statystyki

Ogólne statystyki
  • Ten quiz został rozwiązany 20 razy
    5 od ostatniego zresetowania
  • Średni wynik to 119 z 301
Statystyki odpowiedzi
Obrazkowy Odpowiedź % Poprawnych
Addis Abeba
100%
Amman
100%
Asunción
100%
Bagdad
100%
Luanda
100%
Lusaka
100%
Naypyidaw
100%
Nowe Delhi
100%
Rzym
100%
Santiago
100%
Abudża
67%
Abu Zabi
67%
Akra
67%
Algier
67%
Amsterdam
67%
Ankara
67%
Antananarywa
67%
Asmara
67%
Astana
67%
Aszchabad
67%
Ateny
67%
Baku
67%
Bamako
67%
Bandżul
67%
Bangi
67%
Bangkok
67%
Bejrut
67%
Belgrad
67%
Belmopan
67%
Berlin
67%
Berno
67%
Bissau
67%
Biszkek
67%
Bogota
67%
Brasília
67%
Bratysława
67%
Brazzaville
67%
Bruksela
67%
Budapeszt
67%
Buenos Aires
67%
Bukareszt
67%
Canberra
67%
Caracas
67%
Chartum
67%
Ciudad de la Paz
67%
Dakar
67%
Damaszek
67%
Dhaka
67%
Dodoma
67%
Dublin
67%
Duszanbe
67%
Dżakarta
67%
Dżibuti
67%
Erywań
67%
Freetown
67%
Gaborone
67%
Georgetown
67%
Gitega
67%
Gwatemala
67%
Hanoi
67%
Harare
67%
Hawana
67%
Helsinki
67%
Hong Kong
67%
Islamabad
67%
Jamusukro
67%
Jaunde
67%
Jerozolima
67%
Kabul
67%
Kair
67%
Kampala
67%
Katmandu
67%
Kigali
67%
Kijów
67%
Kingston
67%
Kinszasa
67%
Kiszyniów
67%
Konakry
67%
Kopenhaga
67%
Kuala Lumpur
67%
Kuwejt
67%
Libreville
67%
Lilongwe
67%
Lima
67%
Lizbona
67%
Lomé
67%
Londyn
67%
Lublana
67%
Luksemburg
67%
Madryt
67%
Makau
67%
Male
67%
Managua
67%
Manila
67%
Maputo
67%
Maseru
67%
Maskat
67%
Mbabane
67%
Meksyk
67%
Mińsk
67%
Mogadiszu
67%
Monako
67%
Monrovia
67%
Montevideo
67%
Moskwa
67%
Nairobi
67%
Nassau
67%
Nawakszut
67%
Ndżamena
67%
Niamey
67%
Nikozja
67%
Nikozja
67%
Oslo
67%
Ottawa
67%
Palermo
67%
Panama
67%
Paramaribo
67%
Paryż
67%
Pekin
67%
Phnom Penh
67%
Pjongjang
67%
Port-au-Prince
67%
Port Moresby
67%
Porto-Novo
67%
Praga
67%
Praia
67%
Pretoria/ Kapsztad/ Bloemfontein
67%
Prisztina
67%
Quito
67%
Reykjavik
67%
Rijad
67%
Ryga
67%
Sana
67%
San Marino
67%
San Salvador
67%
Santo Domingo
67%
Sao Tome
67%
Sarajewo
67%
Seul
67%
Singapur
67%
Skopje
67%
Sofia
67%
Sucre/ La paz
67%
Suva
67%
Sztokholm
67%
Tajpej
67%
Tallinn
67%
Taszkent
67%
Tbilisi
67%
Tegucigalpa
67%
Teheran
67%
Thimphu
67%
Tirana
67%
Tokio
67%
Trypolis
67%
Tunis
67%
Ułan Bator
67%
Vaduz
67%
Valetta
67%
Wagadugu
67%
Warszawa
67%
Waszyngton
67%
Watykan
67%
Wellington
67%
Wiedeń
67%
Wientian
67%
Wilno
67%
Windhuk
67%
Zagrzeb
67%
Zanzibar
67%
Andora
33%
Dili
33%
Honolulu
33%
Moroni
33%
Podgorica
33%
Victoria
33%
Yaren
33%
Abakan
0%
Adamstown
0%
Alofi
0%
Al-Ujun
0%
Aosta
0%
Apia
0%
Atafu
0%
Avarua
0%
Bairiki / Tarawa
0%
Bandar Seri Begawan
0%
Barcelona
0%
Basseterre
0%
Basse-Terre
0%
Batumi
0%
Belfast
0%
Bridgetown
0%
Cagliari
0%
Capital Hill / Saipan
0%
Cardiff
0%
Castries
0%
Cchinwali
0%
Charlotte Amalie
0%
Chorog
0%
Cockburn Town
0%
Czeboksary
0%
Czerkiesk
0%
Delap / Majuro
0%
Diego Garcia
0%
Diyarbakır
0%
Doha
0%
Douglas
0%
Dżuba
0%
Edinburgh of the Seven Seas
0%
Edynburg
0%
Elista
0%
Flying Fish Cove
0%
Fort-de-France
0%
George Town
0%
Georgetown
0%
Gibraltar
0%
Gornoałtajsk
0%
Grozny
0%
Gustavia
0%
Hagåtña
0%
Hamilton
0%
Hanga Roa
0%
Hargejsa
0%
Honiara
0%
Iżewsk
0%
Jakuck
0%
Jamestown
0%
Joszkar-Oła
0%
Kajenna
0%
Kazań
0%
Kingston
0%
Kingstown
0%
Komrat
0%
Kralendijk
0%
Kyzył
0%
Lhasa
0%
Londyn
0%
Longyearbyen
0%
Maarianhamina
0%
Machaczkała
0%
Magas
0%
Majkop
0%
Mamoudzou
0%
Manama
0%
Marigot
0%
Mata Utu
0%
Monachium
0%
Naha
0%
Nalczyk
0%
Ngerulmud
0%
Nowy Sad
0%
Nuku‘alofa
0%
Nukus
0%
Numea
0%
Nuuk
0%
Oranjestad
0%
Oranjestad
0%
Pago Pago / Fagatogo
0%
Palikir
0%
Papeete
0%
Philipsburgh
0%
Pietrozawodsk
0%
Plymouth/ Brades
0%
Port Louis
0%
Port of Spain
0%
Port Vila
0%
Rabat
0%
Ramallah
0%
Road Town
0%
Roseau
0%
Saint Denis
0%
Saint George's
0%
Saint Helier
0%
Saint John's
0%
Saint Peter Port
0%
Saint Pierre
0%
Saint-Pierre
0%
San José
0%
San Juan
0%
Sapporo
0%
Sarańsk
0%
Sri Dźajawardanapura Kotte
0%
Stanley
0%
Suchumi
0%
Syktywkar
0%
The Bottom
0%
The Valley
0%
Thorshavn
0%
Triest
0%
Trydent
0%
Tuluza
0%
Tyraspol
0%
Ufa
0%
Ułan Ude
0%
Urumczi
0%
Vaiaku / Funafuti
0%
Vitoria-Gasteiz
0%
West Island
0%
Willemstad
0%
Władykaukaz
0%
Nie znaleziono quizów pasujących do podanych kryteriów
Rozkład punktacji
Procent ludzi z każdym wynikiem
Percentyl według liczby udzielonych odpowiedzi
Twoja historia wyników
Nie rozwiązałeś tego quizu od ostatniego zresetowania